Personnages de série - Statistiques

Statistiques générales
  • Ce quiz a été pris 522 fois
  • Le résultat moyen est 9 sur 30
Statistiques - réponses
Hint Réponse % Correct
Chandler Bing Friends
78%
Blair Waldorf Gossip Girl
70%
Nairobi La casa de papel
70%
Georgia Miller Ginny et Georgia
64%
Gabrielle Solis Desperate housewives
59%
Ottis Milburn Sex education
53%
April Kepner Grey's anatomy
52%
Brooke Davis Les frères scott
36%
Ander Muñoz Elite
33%
Love Quinn You
33%
Mazikeen Smith Lucifer
28%
Regina Mills Once upun a time
25%
Raymond Holt Brooklyn 99
23%
Hondo SWAT
21%
Lucy Chen The rookie
21%
Seelay Booth Bones
20%
Saanvi Bahl Manifest
19%
Danny Williams Hawaii 5-0
18%
Michaela Pratt How to get away with murder
18%
Winston Schmidt New Girl
18%
Evan Buckley 911
17%
Jessica Pearson Suits
15%
Sammy Jo Dynastie
14%
Kensi blye NCIS Los angeles
14%
Shelby Wyatt Quantico
14%
Naomi Clark 90210
13%
Lucious Lyon Empire
13%
Seth Cohen The OC
12%
Jake Ballard Scandal
6%
Sutton Brady The bold type
4%
Aucun quiz correspondant
Distribution des résultats
% des personnes avec chaque résultat
Percentile par nombre de réponses
Votre historique - résultats
Vous n’avez pas pris ce quiz